| 000 | 00818nam a2200253Ia 4500 | ||
|---|---|---|---|
| 003 | OSt | ||
| 005 | 20220918170510.0 | ||
| 006 | a|||||r|||| 00| 0 | ||
| 007 | ta | ||
| 008 | 220917b |||||||| |||| 00| 0 eng d | ||
| 020 |
_a9780262017718 (hbk) _c2223.86 |
||
| 024 | _a283,416 | ||
| 037 |
_b11870, 22/12/2014, Elite Publishers Distributors _cTextual |
||
| 040 |
_aARTS _cARTS _beng |
||
| 041 |
_2eng _aeng |
||
| 082 | _aO111:g(R325), Q2 | ||
| 100 |
_aFore Devin _929373 |
||
| 245 | 0 |
_aRealism after modernism _b The rehumanization of art and literature |
|
| 260 |
_aLondon _bThe MIT Press UK _c2012 |
||
| 300 |
_a404p. _ccm. |
||
| 650 | _aENGLISH LITERATURE | ||
| 942 |
_hO111:g(R325), Q2 _cTEXL _2CC |
||
| 999 |
_c134387 _d134387 |
||